| 000 | nam a22 a 4500 | ||
|---|---|---|---|
| 999 |
_c2678 _d2678 |
||
| 005 | 20170517151206.0 | ||
| 008 | 170517b1995 my ||||| |||| 00| 0 eng d | ||
| 020 | _a9836240705 | ||
| 040 | _aAKMAL | ||
| 082 | _a499.235 NIK | ||
| 090 |
_a499.235 _b NIK |
||
| 100 | 0 |
_aNik Safiah Karim, _95618 |
|
| 245 | 1 | o |
_aMalay grammar for academics and professionals / _cNik Safiah Karim. |
| 260 |
_aKuala Lumpur : _bDewan Bahasa dan Pustaka, Kementerian Pendidikan, Malaysia, _c1995. |
||
| 300 |
_aix, 391 p. ; _c22cm |
||
| 504 | _a Includes bibliographical references (p. 385-386) and index. | ||
| 650 | 0 |
_a Malay language _xGrammar. _95619 |
|
| 710 | 2 |
_aDewan Bahasa dan Pustaka. _9295 |
|
| 942 |
_2ddc _cBOOK |
||